ARRUPE JESUIT UNIVERSITY

CORONAVIRUS -STOP THE SPREAD - CLEAN,DISINFECT,COVER

The quest for therapy in lower Zaire / (Record no. 5562)

MARC details
000 -LEADER
fixed length control field 00460nam a2200193Ia 4500
003 - CONTROL NUMBER IDENTIFIER
control field 0100
008 - FIXED-LENGTH DATA ELEMENTS--GENERAL INFORMATION
fixed length control field 130227s9999 xx 000 0 und d
040 ## - CATALOGING SOURCE
Transcribing agency ARRUPELIB
050 ## - LIBRARY OF CONGRESS CALL NUMBER
Classification number DT650.B33J36
100 ## - MAIN ENTRY--PERSONAL NAME
Personal name Janzen, John M.
9 (RLIN) 39100
245 #4 - TITLE STATEMENT
Title The quest for therapy in lower Zaire /
260 ## - PUBLICATION, DISTRIBUTION, ETC. (IMPRINT)
Place of publication, distribution, etc Berkeley
Name of publisher, distributor, etc University of California Press
Date of publication, distribution, etc 1978
300 ## - PHYSICAL DESCRIPTION
Extent xxii
300 ## - PHYSICAL DESCRIPTION
Other physical details 266p. 23cm.
650 ## - SUBJECT ADDED ENTRY--TOPICAL TERM
Topical term or geographic name as entry element Kongo (African people)
9 (RLIN) 8182
650 ## - SUBJECT ADDED ENTRY--TOPICAL TERM
Topical term or geographic name as entry element Alternative medicine
Geographic subdivision Congo (Democratic republic)
9 (RLIN) 39101
942 ## - ADDED ENTRY ELEMENTS (KOHA)
Source of classification or shelving scheme Library of Congress Classification
Item type Monograph ( Printed materials)
Holdings
Withdrawn status Lost status Source of classification or shelving scheme Damaged status Not for loan Collection code Home library Current library Shelving location Date acquired Total Checkouts Full call number Barcode Date last seen Copy number Price effective from Koha item type
    Library of Congress Classification     Main Collection ARRUPE LIBRARY ARRUPE LIBRARY   27/02/2013   DT650.B33J36 46407274 07/12/2017 1 27/02/2013 Monograph ( Printed materials)

 

Arrupe Library. PO Box MP320 Mt Pleasant, Harare, Zimbabwe
263 242 745411|librarian@aju.ac.zw